000 00672nam a2200217 i 4500
001 96472
003 ES-MaACL
005 20230906181923.0
007 t|
008 050627q1953 sp ||||1| spa d
100 1 _aMajó Framis, Ricardo.
_975648
245 1 0 _aAmérico Vespucio /
_cRicardo Majó Framis.
260 _aMadrid :
_bCompañía Bibliográfica Española,
_c[1953?]
300 _a302 p., 2 map. ;
_c20 cm.
490 1 _aMilicia de España ;
_v21
600 1 4 _aVespucci, Amerigo.
_9114224
710 2 _aCompañía Bibliográfica Española.
_9171207
830 1 _aMilicia de España ;
_v21
_9186681
852 _aES-MaACL
_jC-34062
999 _c96472
_d96472